书目信息 |
| 题名: |
杂粮食品加工
|
|
| 作者: | 张美莉 编著 | |
| 分册: | ||
| 出版信息: | 中国农业科学技术出版社 北京 2006.10 |
|
| 页数: | 90页 | |
| 开本: | 20cm | |
| 丛书名: | ||
| 单 册: | ||
| 中图分类: | TS21 | |
| 科图分类: | ||
| 主题词: | 粮食加工 | |
| 电子资源: | ||
| ISBN: | 7-80233-127-7 | |
| 000 | 00600 nam 000217 | |
| 001 | 012000000838 | |
| 005 | 20070903094238.54 | |
| 010 | @a7-80233-127-7@dCNY9.80 | |
| 100 | @a20070714d2006 em y0chiy0121 ea | |
| 101 | @achi | |
| 102 | @aCN@b110000 | |
| 105 | @ay z 000yy | |
| 200 | 10 | @a杂粮食品加工@9za liang shi pin jia gong@f张美莉等编著@Fzhang mei li deng bian zhu |
| 210 | @a中国农业科学技术出版社@c北京@d2006.10 | |
| 215 | @a90页@d20cm | |
| 606 | @a粮食加工 | |
| 690 | @aTS21@v4 | |
| 701 | 0 | @a张美莉@9zhang mei li@4编著 |
| 801 | @aCN@c20070903 | |
| 901 | @a000001 | |
| 905 | @dTS21@eZ140 | |
| 杂粮食品加工/张美莉等编著.-中国农业科学技术出版社:北京,2006.10 |
| 90页;20cm |
| ISBN 7-80233-127-7:CNY9.80 |
| ● |
| 相关链接 |
|
|
|
正题名:杂粮食品加工
索取号:TS21/Z140
 
预约/预借
| 序号 | 登录号 | 条形码 | 馆藏地/架位号 | 状态 | 备注 |
| 1 | 642369 | 206423690 | 期刊室512/501自科库 72排1列3层/ [索取号:TS21/Z140] | 在馆 | |
| 2 | 642370 | 206423707 | 自科库501/501自科库 72排1列3层/ [索取号:TS21/Z140] | 在馆 | |
| 3 | 642371 | 206423716 | 自科库501/501自科库 72排1列3层/ [索取号:TS21/Z140] | 在馆 |